00635cam a2200205Li 450000500170000000800410001702000180005803500210007604000500009710000150014724500510016226000550021330000350026849000110030350000210031465000280033565000320036365000260039504100080042120170608111011.0161101s1996 enkd fr 000 0 eng d a9780198780779 a(OCoLC)489801479 aCO-BoUCMbspacSandra PalaciodSandra Palacio1 aWare, Alan10aPolitical parties and party systemscAlan Ware aOxford (Inglaterra)bOxford University Pressc1996 axix, 435 páginasbgráficas0 aOxford aIncluye índice17aCampañas políticas 27aParticipación política 27aPartidos políticos  aeng